[Event "ch-SUI"]
[Site "Graechen SUI"]
[Date "2009.07.14"]
[Round "6"]
[White "Gaehler,M"]
[Black "Tordeur,J"]
[Result "1-0"]
[WhiteElo "2247"]
[BlackElo "2065"]

1.e4 c5 2.Nc3 Nc6 3.Bb5 Nd4 4.Ba4 a6 5.Bb3 g6 6.Nf3 Bg7 7.Nxd4 cxd4 8.Qf3 e6
9.Ne2 Ne7 10.d3 O-O 11.h4 h5 12.g4 hxg4 13.Qxg4 Nc6 14.h5 gxh5 15.Rxh5 Qf6
16.Bg5 Qg6 17.Nf4 f5 18.Nxg6  1-0

[Event "Open"]
[Site "Condom FRA"]
[Date "2009.07.15"]
[Round "6"]
[White "Gras,D"]
[Black "Marciniak,A"]
[Result "1-0"]
[WhiteElo "1985"]
[BlackElo "2152"]

1.e4 c5 2.Nf3 Nc6 3.Nc3 g6 4.d4 cxd4 5.Nxd4 Bg7 6.Nb3 Nf6 7.Be2 O-O 8.O-O d6
9.Re1 a6 10.Bf1 Be6 11.Nd5 Rc8 12.Bg5 Re8 13.Nxf6+ exf6 14.Bf4 f5 15.exf5 Bxf5
16.Rxe8+ Qxe8 17.c3 Qe4 18.Qxd6 Rd8 19.Qc7 Rc8 20.Nc5 Qc2 21.Qxb7 Nd4 22.Bd3 Ne2+
23.Kh1  1-0

[Event "Diputacion Foral de Gipuzkoa"]
[Site "Donostia ESP"]
[Date "2009.07.15"]
[Round "8"]
[White "Milliet,S"]
[Black "Melnikova,Y"]
[Result "1-0"]
[WhiteElo "2388"]
[BlackElo "2285"]

1.e4 c5 2.Nc3 Nc6 3.Bb5 d6 4.Bxc6+ bxc6 5.d3 e5 6.Nge2 Ne7 7.O-O Ng6 8.f4 exf4
9.Nxf4 Be7 10.Nxg6 hxg6 11.Qf3 Be6 12.Ne2 Qd7 13.Bd2 Bf6 14.Bc3 Bxc3 15.Nxc3 Rh6
16.Rab1 g5 17.Qg3 Qe7 18.b4 d5 19.b5 d4 20.bxc6 dxc3 21.Rb8+ Rxb8 22.Qxb8+ Qd8
23.c7 Qc8 24.Rb1 Bd7 25.Qxa7 Qa6 26.Rb8+ Bc8 27.Qxa6 Rxa6 28.Rxc8+ Kd7 29.Rb8 Kxc7
30.Rb3 Rxa2 31.Rxc3 Kd6 32.Kf2 g6 33.Kf3 f5 34.h3 Rb2 35.Rc4 Ra2 36.g3 Ra8
37.Rc3 Rh8 38.Ra3 Rxh3 39.Ra6+ Ke5 40.Rxg6 g4+ 41.Kg2 Rh5 42.exf5 Kxf5 43.Rc6 Rh7
44.Rxc5+ Kf6 45.Kf2 Re7 46.c4 Kg6 47.Rd5 Rf7+ 48.Kg2 Ra7 49.Kf2 Rf7+ 50.Ke3 Rf3+
51.Ke4 Rxg3 52.Kf4 Rf3+ 53.Kxg4 Rf1 54.Rd6+ Kf7 55.c5 Ke7 56.d4 Rf2 57.Rd5 Ke6
58.Re5+ Kd7 59.Rf5 Rd2 60.Rd5+ Kc6 61.Rd6+ Kc7 62.Kf3 Rh2 63.Ke4 Rh5 64.Rf6 Rh1
65.Kd5  1-0

[Event "ch-SCO"]
[Site "Edinburgh SCO"]
[Date "2009.07.15"]
[Round "5"]
[White "Lyell,M"]
[Black "Hayes,S"]
[Result "1-0"]
[WhiteElo "2288"]
[BlackElo "1997"]

1.e4 c5 2.Nc3 Nc6 3.Bb5 g6 4.Bxc6 bxc6 5.f4 Bg7 6.d3 Rb8 7.Nf3 d6 8.O-O Nf6
9.Qe1 O-O 10.b3 Nh5 11.Bd2 Bg4 12.Qh4 Qd7 13.f5 Bxf3 14.Rxf3 d5 15.Re1 Rb4
16.g4 Bf6 17.Qh3 Bd4+ 18.Kh1 Ng7 19.Qh6 f6 20.Rh3 g5 21.Qxh7+ Kf7 22.Qg6+ Kg8
23.Rh7 Rf7 24.Qh6  1-0

[Event "ch-SUI"]
[Site "Graechen SUI"]
[Date "2009.07.15"]
[Round "7"]
[White "Domont,A"]
[Black "Muheim,L"]
[Result "1/2-1/2"]
[WhiteElo "2345"]
[BlackElo "2323"]

1.e4 c5 2.Nf3 Nc6 3.Nc3 Nf6 4.Bb5 Qc7 5.O-O e5 6.d3 Be7 7.Bg5 a6 8.Bc4 b5
9.Nd5 Nxd5 10.Bxd5 Rb8 11.c3 O-O 12.d4 exd4 13.cxd4 Bxg5 14.Nxg5 h6 15.Nxf7 Rxf7
16.Bxf7+ Kxf7 17.Qh5+ Kg8 18.Qxc5 Qb6 19.Qd5+ Kh8 20.Rfd1 Bb7 21.Qd6 Qd8
22.Rac1 Qe8 23.d5 Ne5 24.b3 a5 25.Rc7 Qh5 26.Rf1 Ba8 27.h3 Rg8 28.f4 Nd3
29.Qxd7 Qe2 30.Qf5 Ne1 31.Qg6 Qe3+ 32.Kh2 Qe2 33.Kg1 Qe3+ 34.Kh1 Qe2 35.Rg1 Nd3
36.Re7 Bxd5 37.Kh2 Nf2 38.Qb6 Nxe4 39.Qd4 Ba8 40.Qe5 Qd3 41.f5 Nf6 42.Re1 a4
43.Re3 Qd5 44.Rg3 axb3 45.axb3 Qxe5 46.Rxe5 Rb8 47.Rd3 Kg8 48.g4 Be4 49.Rd4 Bc2
50.Rb4 Bd3 51.Rd4 Bc2 52.b4 Bb3 53.Kg3 Bc4 54.h4 Ra8 55.g5 hxg5 56.hxg5 Ne8
57.Kf4 Kf8 58.Rc5 Ke7 59.Re5+ Kf8 60.Rd7 Rc8 61.Rc5 Ra8 62.Rd1 Ra4 63.Rc8 Rxb4
64.Rd4 Ra4 65.Ke5 Ra7 66.Rdd8 Re7+ 67.Kf4  1/2-1/2

[Event "ch-SCO"]
[Site "Edinburgh SCO"]
[Date "2009.07.16"]
[Round "6"]
[White "Motwani,P"]
[Black "Poobalasingam,P"]
[Result "1-0"]
[WhiteElo "2503"]
[BlackElo "2224"]

1.e4 c5 2.Nc3 Nc6 3.Nge2 g6 4.d4 cxd4 5.Nxd4 Bg7 6.Be3 Nf6 7.Bc4 O-O 8.Bb3 Ng4
9.Qxg4 Nxd4 10.Qh4 e6 11.Bg5 f6 12.Be3 Nxb3 13.axb3 b6 14.O-O Bb7 15.Rfd1 Bc6
16.b4 a6 17.Na4 Rb8 18.f3 a5 19.Qf2 axb4 20.Bxb6 Qc8 21.Bc5 f5 22.Bxf8 Bxf8
23.Kh1 fxe4 24.fxe4 Bxe4 25.Nb6 Qxc2 26.Rd2 Bc5 27.Qe2 Bd3 28.Rxc2 Bxe2 29.Nxd7  1-0

[Event "6th South Wales Int"]
[Site "Treforest WLS"]
[Date "2009.07.16"]
[Round "8"]
[White "Petrov,Marij"]
[Black "Richmond,P"]
[Result "1-0"]
[WhiteElo "2479"]
[BlackElo "2242"]

1.e4 c5 2.Nf3 Nc6 3.Nc3 Nf6 4.d4 cxd4 5.Nxd4 e5 6.Ndb5 d6 7.Nd5 Nxd5 8.exd5 Nb8
9.c4 a6 10.Nc3 Be7 11.Bd3 O-O 12.O-O Nd7 13.Kh1 f5 14.f3 Qe8 15.Be3 Qh5 16.f4 Qxd1
17.Raxd1 e4 18.Be2 Nf6 19.Na4 b5 20.cxb5 axb5 21.Bxb5 Ba6 22.Bxa6 Rxa6 23.Nc3 Rb8
24.b3 Ng4 25.Bd4 Rb4 26.h3 Rxd4 27.Rxd4 Bf6 28.Rc4 Ne3 29.Rc8+ Kf7 30.Re1 Nc2
31.Rc7+ Ke8 32.Rc1 Nb4 33.Nb5 Rb6 34.a4 Nxd5 35.R1c6 Nxc7 36.Rxb6 Nd5 37.Rxd6 e3
38.g3 Ke7 39.Kg2  1-0

[Event "LTC Open A"]
[Site "Leiden NED"]
[Date "2009.07.17"]
[Round "7"]
[White "Pavlovic,Milos"]
[Black "Slingerland,F"]
[Result "1-0"]
[WhiteElo "2535"]
[BlackElo "2406"]

1.e4 c5 2.Nf3 Nc6 3.Nc3 d6 4.Bb5 Bd7 5.Bxc6 bxc6 6.e5 d5 7.h3 h5 8.O-O Bf5
9.Na4 e6 10.d3 Be7 11.Qd2 Nh6 12.b3 Rg8 13.Qc3 g5 14.Nxc5 g4 15.Nd4 gxh3
16.Bxh6 Rc8 17.g3 h4 18.Kh2 hxg3+ 19.fxg3 Bh4 20.Nxf5 exf5 21.Rf3 d4 22.Qc4 Rc7
23.Ne6  1-0

[Event "TCh Eur-Youth U18"]
[Site "Pardubice CZE"]
[Date "2009.07.17"]
[Round "2"]
[White "Mihok,O"]
[Black "Dragomirescu,R"]
[Result "1/2-1/2"]
[WhiteElo "2357"]
[BlackElo "2342"]

1.e4 c5 2.Nf3 Nc6 3.Nc3 e5 4.Bc4 Be7 5.d3 d6 6.Nd2 Bg5 7.h4 Bh6 8.Qh5 g6
9.Qd1 Nf6 10.h5 gxh5 11.Nf1 Bg4 12.f3 Bxc1 13.Qxc1 Be6 14.Ne3 Ne7 15.Qd2 a6
16.O-O-O Qd7 17.Rdf1 Ng6 18.g3 O-O-O 19.f4 exf4 20.gxf4 Bxc4 21.Nxc4 Qc6
22.e5 d5 23.Nd6+ Rxd6 24.exd6 Qxd6 25.d4 c4 26.f5 Ne7 27.Rhg1 b5 28.Qf4 Kd7
29.Rg7 Rf8 30.Ne2 b4 31.Ng3 Nc6 32.Qxd6+ Kxd6 33.c3 bxc3 34.bxc3 Ne4 35.Kc2 Ne7
36.a4 Nc8 37.Ne2 Nb6 38.Rxh7 Rg8 39.Rg1 Rxg1 40.Nxg1 Nxa4 41.Ne2 Ke7 42.Rxh5 Nb6
43.Rh6 Nd6 44.Nf4 Kd7 45.Nh3 Nbc8 46.f6 Ne4 47.Nf4 Kc6 48.Rh8 Nb6 49.Rh7 Nd6
50.Rh8 Ne4 51.Rh7 Nd6 52.Rh5 Ne4 53.Kc1 Nd6 54.Re5 a5 55.Kc2 Ndc8 56.Re8 Nd6
57.Re7 Nbc8 58.Re5 Nb6 59.Kb2 Na4+ 60.Kc2 Nb6 61.Rh5 Ne4 62.Rh7 Nd6 63.Rh8 Ne4
64.Nh5 Nd6 65.Ng3 Nd7 66.Ra8 Kb6 67.Nh5 Ne4 68.Rh8 Kc7 69.Rh7 Nd6 70.Kb2 Nf8
71.Rg7 Nd7 72.Ka3 Nb6 73.Nf4 Kc6 74.Nh3 Nd7 75.Ng5 Nxf6 76.Nxf7 Nxf7 77.Rxf7 Ne4
78.Rf3 Kb5 79.Rh3 Nf6 80.Rg3 Ne4 81.Rf3 Nd6 82.Rh3 Ne4 83.Re3 Nd6 84.Re5 Kc6
85.Re6 Kd7 86.Rh6 Nb5+ 87.Kb2 Nd6 88.Ka3 Nb5+ 89.Kb2 Nd6 90.Kc2 Kc7 91.Rh7+ Kc6
92.Rh6 Kc7 93.Rg6 Kd7 94.Kb2 Kc7 95.Rh6 Kd7 96.Ka3 Nb5+ 97.Ka4 Nxc3+ 98.Kxa5 Ne2
99.Kb4 c3 100.Kb3 Nxd4+ 101.Kxc3  1/2-1/2

[Event "TCh Eur-Youth U18"]
[Site "Pardubice CZE"]
[Date "2009.07.17"]
[Round "2"]
[White "Piorun,K"]
[Black "Halvax,G"]
[Result "1/2-1/2"]
[WhiteElo "2457"]
[BlackElo "2260"]

1.e4 c5 2.Nf3 Nc6 3.Nc3 Nf6 4.d4 cxd4 5.Nxd4 e5 6.Ndb5 d6 7.Bg5 a6 8.Na3 b5
9.Nd5 Be7 10.Bxf6 Bxf6 11.c4 b4 12.Nc2 O-O 13.Qf3 Bg5 14.h4 Bh6 15.g3 Be6
16.Bh3 Qa5 17.Kf1 Qc5 18.Qd3 Ra7 19.Kg2 a5 20.Bf5 Ne7 21.Bxe6 fxe6 22.Nxe7+ Rxe7
23.f3 Rc8 24.Ne1 Rd7 25.b3 d5 26.Rd1 Rcd8 27.exd5 exd5 28.Qf5 Qe7 29.cxd5 Rxd5
30.Rxd5 Rxd5 31.Nd3 g6 32.Qc8+ Kg7 33.Nf2 Rd2 34.Rd1 Rxd1 35.Nxd1 e4 36.Nf2 exf3+
37.Kxf3 Qf7+ 38.Ke2 Qe7+ 39.Kf1 Be3 40.Ng4 h5 41.Nxe3 Qxe3 42.Kg2 Qe2+ 43.Kh3 Qf1+
44.Kh2 Qf2+ 45.Kh3  1/2-1/2

[Event "ch-SCO"]
[Site "Edinburgh SCO"]
[Date "2009.07.18"]
[Round "8"]
[White "Motwani,P"]
[Black "Markos,J"]
[Result "0-1"]
[WhiteElo "2503"]
[BlackElo "2555"]

1.e4 c5 2.Nc3 Nc6 3.Bb5 d6 4.Bxc6+ bxc6 5.f4 g6 6.Nf3 Bg7 7.O-O Nf6 8.d3 c4
9.dxc4 Qb6+ 10.Kh1 Ba6 11.b3 Ng4 12.Qe1 O-O 13.h3 Nf6 14.e5 Ne8 15.Be3 Qc7
16.Rf2 Bh8 17.Bd4 Rd8 18.exd6 Nxd6 19.Bxh8 Kxh8 20.Rd1 Bc8 21.Rfd2 f6 22.Ne4 Nf5
23.Rxd8 Rxd8 24.Rxd8+ Qxd8 25.g4 Ng7 26.Qd2 Qxd2 27.Nexd2 Ne6 28.f5 gxf5
29.gxf5 Ng7 30.Nd4 Nxf5 31.Nxf5 Bxf5 32.Kg2 Bxc2 33.c5 Kg7 34.Kg3 Kf7 35.Nc4 Ke6
36.Kf4 Bb1 37.a3 Kd5 38.Nd2 e5+ 39.Ke3 Bf5 40.b4 Bxh3  0-1

[Event "ch-SCO"]
[Site "Edinburgh SCO"]
[Date "2009.07.18"]
[Round "8"]
[White "Burnett,W"]
[Black "Campbell,E"]
[Result "1-0"]
[WhiteElo "2018"]
[BlackElo "1908"]

1.e4 c5 2.Nc3 Nc6 3.Bb5 Nd4 4.Nf3 Nxb5 5.Nxb5 a6 6.Nc3 d6 7.d4 cxd4 8.Qxd4 Nf6
9.h3 e6 10.Be3 Be7 11.O-O-O Qc7 12.Qb6 Qxb6 13.Bxb6 Bd7 14.e5 dxe5 15.Nxe5 Rc8
16.Rd3 Bc6 17.a4 O-O 18.a5 Bxg2 19.Rg1 Bd5 20.Bd4 g6 21.Nxd5 exd5 22.f4 Ne4
23.Ng4 f5 24.Nh6+  1-0

[Event "LTC Open A"]
[Site "Leiden NED"]
[Date "2009.07.18"]
[Round "8"]
[White "Van Overdam,J"]
[Black "Rajesh,VA"]
[Result "0-1"]
[WhiteElo "2042"]
[BlackElo "2249"]

1.e4 c5 2.Nc3 Nc6 3.Bb5 g6 4.Bxc6 dxc6 5.d3 Bg7 6.f4 c4 7.dxc4 Bxc3+ 8.bxc3 Qxd1+
9.Kxd1 Nf6 10.e5 Ne4 11.Be3 Be6 12.Kc1 Nxc3 13.Bd4 Na4 14.c5 O-O-O 15.Nf3 Bg4
16.Rd1 b6 17.cxb6 axb6 18.Be3 c5 19.Rxd8+ Rxd8 20.Nd2 Kc7 21.h3 Be2 22.a3 c4
23.Kb1 Nc3+ 24.Kb2 Na4+ 25.Ka2 c3 26.Nb3 Bc4 27.Re1 Rd2 28.Kb1 Bxb3 29.cxb3 Rb2+
30.Ka1 Rxb3 31.Rc1 Rxa3+ 32.Kb1 Kc6 33.Kc2 b5 34.Rb1 Ra2+ 35.Kd3 Rxg2  0-1

[Event "Open"]
[Site "Rethymno GRE"]
[Date "2009.07.18"]
[Round "8"]
[White "Sengupta,D"]
[Black "Vuilleumier,A"]
[Result "1-0"]
[WhiteElo "2488"]
[BlackElo "2304"]

1.e4 c5 2.Nc3 Nc6 3.Nge2 Nf6 4.d4 cxd4 5.Nxd4 d6 6.Bc4 Qb6 7.Nb3 e6 8.O-O a6
9.a4 Qc7 10.a5 Ne5 11.Be2 Bd7 12.f4 Nc4 13.Bd3 Rc8 14.Qe2 Be7 15.Kh1 h6 16.Re1 e5
17.f5 g6 18.fxg6 fxg6 19.Rf1 Be6 20.Ra4 Qc6 21.Rb4 Bg4 22.Qe1 Be6 23.Nd5 Bxd5
24.exd5 Qxd5 25.Qe2 Nxa5 26.c4 Nxc4 27.Bxc4 Qc6 28.Be6 Rc7 29.Rc4 Qb6 30.Nd2 Rf8
31.Qd3 Kd8 32.Qxg6 d5 33.Rxc7 Kxc7 34.Qg3 Kd6 35.Bh3 Rg8 36.Rxf6+ Bxf6 37.Qxg8 Qc5
38.Qe6+ Kc7 39.Qxf6 Qxc1+ 40.Nf1 Qxb2 41.Qe7+ Kc6 42.Bd7+ Kb6 43.Qd6+ Ka5
44.Qxd5+ b5 45.h4  1-0

[Event "32nd Taminco Open"]
[Site "Ghent BEL"]
[Date "2009.07.19"]
[Round "4"]
[White "Maenhout,T"]
[Black "Gorshkov,L"]
[Result "1-0"]
[WhiteElo "2312"]
[BlackElo "2108"]

1.e4 c5 2.Nf3 Nc6 3.Nc3 d6 4.d4 cxd4 5.Nxd4 e5 6.Nb3 Be6 7.Be3 Nf6 8.Qd2 a6
9.f3 b5 10.a4 b4 11.Nd5 Nd7 12.a5 Nc5 13.Bc4 Be7 14.Qf2 Nxb3 15.cxb3 O-O
16.O-O Bg5 17.Bb6 Qc8 18.Rfd1 Kh8 19.Nc7 Bxc4 20.bxc4 Rb8 21.Rxd6 Nd4 22.Rd1 f5
23.Bxd4 exd4 24.Nd5 fxe4 25.Rxd4 exf3 26.gxf3 Qc5 27.Nb6 Rbe8 28.Nd7 Qc7
29.Nxf8 Be3 30.Qxe3 Rxe3 31.Ne6  1-0

[Event "13th Battle of Senta Open A"]
[Site "Senta SRB"]
[Date "2009.07.19"]
[Round "3"]
[White "Nadj Hedjesi,B"]
[Black "Nadj,Z"]
[Result "1-0"]
[WhiteElo "2463"]
[BlackElo "2209"]

1.e4 c5 2.Nc3 Nc6 3.Bb5 Nd4 4.Bc4 e6 5.Nf3 Ne7 6.O-O Nec6 7.Nxd4 cxd4 8.Ne2 Qh4
9.d3 Bc5 10.a3 a5 11.f4 O-O 12.Bd2 a4 13.Kh1 f5 14.Ng3 g6 15.Rf3 Qe7 16.c3 b6
17.Bb5 Bb7 18.Bxa4 dxc3 19.Bxc3 Nd4 20.Rf1 b5 21.Bb3 Nxb3 22.Qxb3 Bc6 23.d4 Bd6
24.d5 Bb7 25.e5 Bb8 26.Bb4 d6 27.dxe6 Re8 28.exd6 Bxd6 29.Bxd6 Qxd6 30.Rae1 Re7
31.Rf2 Bd5 32.Qxb5 Rxe6 33.Rxe6 Bxe6 34.Qe5 Qd7 35.h3 Bd5 36.Rd2 Rd8 37.Kh2 Qb7
38.Nf1 Rd7 39.Ne3 Bc6 40.Qe8+ Kg7 41.Rxd7+  1-0

[Event "13th Battle of Senta Open A"]
[Site "Senta SRB"]
[Date "2009.07.19"]
[Round "3"]
[White "Sarenac,I"]
[Black "Janjusevic,B"]
[Result "1-0"]
[WhiteElo "2341"]
[BlackElo "2012"]

1.e4 c5 2.Nf3 Nc6 3.Nc3 d6 4.d4 cxd4 5.Nxd4 a6 6.Be3 Nf6 7.f3 e6 8.Qd2 Be7
9.O-O-O O-O 10.g4 Nxd4 11.Bxd4 e5 12.Be3 Be6 13.g5 Nh5 14.Rg1 b5 15.Nd5 Bxd5
16.Qxd5 Qc7 17.Rd2 g6 18.Bh3 Rfe8 19.Kb1 Bf8 20.Bg4 Ng7 21.h4 Rad8 22.Rh1 Ne6
23.h5 Nf4 24.Qb3 Qb7 25.hxg6 hxg6 26.Rdh2 Bg7 27.Qc3 Ne6 28.Qe1 f6 29.gxf6 Bxf6
30.Qg3 Nf8 31.Rh6 Re7 32.Bf5 Rg7 33.Bxg6 Nxg6 34.Rxg6 Qf7 35.Rhh6 Rxg6 36.Rxg6+ Kf8
37.Bh6+ Ke8 38.Qg4 Rd7 39.Rg8+  1-0

[Event "MTO"]
[Site "Biel SUI"]
[Date "2009.07.21"]
[Round "2"]
[White "Molchanova,T"]
[Black "Golod,V"]
[Result "0-1"]
[WhiteElo "2326"]
[BlackElo "2599"]

1.e4 c5 2.Nf3 Nc6 3.Nc3 a6 4.d4 cxd4 5.Nxd4 e6 6.Nxc6 bxc6 7.Bd3 d5 8.O-O Nf6
9.Qf3 Be7 10.Qg3 O-O 11.Re1 Kh8 12.e5 Ng8 13.Ne2 a5 14.Nd4 Qb6 15.c3 c5 16.Nf3 Ba6
17.Bc2 d4 18.Be4 Rad8 19.b3 Bb7 20.Bg5 h6 21.Bd2 a4 22.Rab1 Bxe4 23.Rxe4 dxc3
24.Bxc3 Rd3 25.Rc4 axb3 26.axb3 Rfd8 27.Kf1 Rd1+ 28.Rxd1 Rxd1+ 29.Ke2 Qxb3
30.Bd2 Rb1 31.Rc1 Qb5+ 32.Kd1 c4 33.Nd4 Qb2 34.Ne2 Ba3 35.Qe3 Qa2 36.Rxb1 Qxb1+
37.Bc1 Bb4 38.Nd4 Ne7 39.Nc2 Nd5 40.Nd4  0-1

[Event "2nd Open"]
[Site "Paleohora GRE"]
[Date "2009.07.21"]
[Round "1"]
[White "Najer,E"]
[Black "Karaoulanis,D"]
[Result "1-0"]
[WhiteElo "2663"]
[BlackElo "1898"]

1.e4 c5 2.Nc3 Nc6 3.Bb5 Nd4 4.Bc4 e6 5.Nf3 a6 6.Nxd4 cxd4 7.Ne2 e5 8.c3 dxc3
9.Nxc3 d6 10.Qb3 Qd7 11.a4 Nf6 12.O-O g6 13.d3 Bg7 14.f4 exf4 15.Bxf4 O-O
16.Rf3 Qe7 17.Raf1 Bg4 18.R3f2 Nh5 19.Nd5 Qd8 20.Be3 Be5 21.d4 Bxh2+ 22.Kxh2 Qh4+
23.Kg1 Ng3 24.Rf4 Qh1+ 25.Kf2 Nxf1 26.Nf6+ Kg7 27.Bxf1 Qh4+ 28.Kg1 h5 29.d5 Rac8
30.Bd4 Kh6 31.Qe3 Qg5 32.Nxg4+ hxg4 33.Bf6  1-0

[Event "XXVII Andorra Open"]
[Site "Arinsal AND"]
[Date "2009.07.22"]
[Round "5"]
[White "Abhishek,K"]
[Black "Vega Gutierrez,S"]
[Result "1/2-1/2"]
[WhiteElo "2158"]
[BlackElo "2352"]

1.e4 c5 2.Nf3 Nc6 3.Nc3 Nf6 4.d4 cxd4 5.Nxd4 e5 6.Ndb5 d6 7.Bg5 a6 8.Na3 b5
9.Nd5 Be7 10.Bxf6 Bxf6 11.c3 Bg5 12.Nc2 O-O 13.h4 Bh6 14.g4 Bf4 15.Qf3 Be6
16.Nce3 b4 17.c4 Nd4 18.Qd1 a5 19.Nxf4 exf4 20.Qxd4 fxe3 21.f3 a4 22.Qxe3 Qf6
23.Rb1 d5 24.g5 Qe5 25.Kf2 d4 26.Qd3 f6 27.gxf6 Rxf6 28.Be2 Rg6 29.Rhg1 Rxg1
30.Rxg1 Qh2+ 31.Rg2 Qxh4+ 32.Kg1 Rd8 33.Qd2 d3 34.Bd1 h6 35.Bxa4 Bh3 36.Qf2 Qf4
37.Rg3 Be6 38.Kh2 h5 39.Qb6 Rd6 40.Qc7 Bf7 41.c5  1/2-1/2

[Event "Synthesia Rapid Open"]
[Site "Pardubice CZE"]
[Date "2009.07.22"]
[Round "2"]
[White "Khaetsky,R"]
[Black "Mamedov,Rau"]
[Result "1-0"]
[WhiteElo "2386"]
[BlackElo "2645"]

1.e4 c5 2.Nc3 Nc6 3.Bb5 g6 4.Bxc6 dxc6 5.d3 Bg7 6.f4 Nf6 7.Nf3 O-O 8.O-O b5
9.Qe1 c4 10.dxc4 bxc4 11.Be3 Ng4 12.Rd1 Qc7 13.e5 Nxe3 14.Qxe3 Rb8 15.Na4 Bf5
16.Nd4 Bg4 17.Rd2 c5 18.Ne2 Bxe2 19.Rxe2 Qa5 20.Qa3 e6 21.Nc3 Qb4 22.Rd1 Qxb2
23.Qxb2 Rxb2 24.Rd7 f6 25.Rxa7 fxe5 26.fxe5 Rf5 27.Ra8+ Kf7 28.Ra7+ Kf8 29.Ra8+ Kf7
30.Ra7+ Kg8 31.Ra8+ Kf7 32.Ra7+ Kg8 33.Ra8+ Rf8 34.Ra7 Bh6 35.g3 Bg7 36.Rc7 Rf3
37.Rc8+ Bf8 38.Ne4 Rxa2 39.Nf6+ Kg7 40.Rd2 Ra7 41.Kg2 Rf5 42.Rdd8 Be7 43.Rg8+ Kf7
44.Ng4 Rh5 45.h4 c3 46.Nf6 Rxe5 47.Nxh7 Ra2 48.g4 Rxc2+ 49.Kf3 Bxh4 50.Kf4 Re1
51.Ng5+ Bxg5+ 52.Kxg5 Ke7 53.Rcd8 e5 54.Kxg6  1-0

[Event "TCh Eur-Youth U18"]
[Site "Pardubice CZE"]
[Date "2009.07.22"]
[Round "7"]
[White "Babazade,Jav"]
[Black "Firat,B"]
[Result "0-1"]
[WhiteElo "1961"]
[BlackElo "2310"]

1.e4 c5 2.Ne2 Nc6 3.Nbc3 e6 4.g3 Nf6 5.Bg2 d6 6.O-O Be7 7.d3 O-O 8.h3 Rb8
9.f4 Nd7 10.Be3 b5 11.Qd2 b4 12.Nd1 Nb6 13.Kh2 Bb7 14.g4 d5 15.Ng3 Rc8 16.e5 a5
17.Qe2 Re8 18.g5 Bf8 19.Nf2 Ne7 20.Qg4 Rc7 21.Bd2 Nf5 22.Nh5 c4 23.Rg1 Be7
24.Bh1 cxd3 25.cxd3 Rc2 26.Qd1 Qc7 27.Ng4 Rc8 28.Nhf6+ Kh8 29.Nxh7 Kxh7 30.Nf6+ Bxf6
31.gxf6 g6 32.Rg5 Qc5 33.Bg2 Qf2 34.Qg4 Rxd2 35.Rg1 d4  0-1

[Event "ch-Euro Senior"]
[Site "Rogaska Slatina SLO"]
[Date "2009.07.22"]
[Round "1"]
[White "Sinelnikov,I"]
[Black "Florjancic,R"]
[Result "1-0"]
[WhiteElo "2227"]
[BlackElo "2011"]

1.e4 c5 2.Nf3 Nc6 3.Nc3 g6 4.g3 Bg7 5.Bg2 d6 6.O-O Nf6 7.d3 O-O 8.Nh4 a6
9.f4 e6 10.Be3 Qc7 11.f5 exf5 12.exf5 b5 13.Nd5 Nxd5 14.Bxd5 gxf5 15.Qh5 Be6
16.Nxf5 Kh8 17.Nxg7 Bxd5 18.Qxd5 Nb4 19.Qf3 Nxc2 20.Bh6 Qd8 21.Nh5 f5 22.Bg7+ Kg8
23.Qd5+ Rf7 24.Rxf5 Ra7 25.Rxf7 Rxf7 26.Rf1  1-0

[Event "Synthesia Rapid Open"]
[Site "Pardubice CZE"]
[Date "2009.07.23"]
[Round "7"]
[White "Laznicka,V"]
[Black "Paci,C"]
[Result "1-0"]
[WhiteElo "2617"]
[BlackElo "2325"]

1.e4 c5 2.Nf3 Nc6 3.Nc3 g6 4.Bb5 Bg7 5.Bxc6 dxc6 6.d3 Nf6 7.h3 Nd7 8.Be3 e5
9.Qd2 Qe7 10.O-O Nf8 11.Bh6 f6 12.a3 Ne6 13.Bxg7 Qxg7 14.b4 O-O 15.Na4 b6
16.Rfb1 Qe7 17.Qe3 Nd4 18.Ne1 f5 19.exf5 gxf5 20.f4 Be6 21.Qxe5 Rae8 22.bxc5 Qd8
23.Qd6 Ne2+ 24.Kf2 Bd7 25.Qh6 b5 26.Nb2 Kh8 27.Nf3 Qe7 28.Ne5 Rf6 29.Qh4 Nc3
30.d4 Ne4+ 31.Kg1 Rg8 32.Nbd3 Qg7 33.Ne1 Be6 34.Qh5 Rh6 35.Qf3 Bd5 36.c4 bxc4
37.Kh2 Nd2 38.Qf2 Ne4 39.Qe3 Nf6 40.Rb2 c3 41.Re2 Be4 42.Raa2 Nd5 43.Qf2 c2
44.Raxc2 Rh5 45.Rb2 Qf6 46.Rb7 Rg7 47.Rxg7 Kxg7 48.Qg3+ Kh8 49.Rb2  1-0

[Event "Najdorf Mem Open"]
[Site "Warsaw POL"]
[Date "2009.07.23"]
[Round "6"]
[White "Rasmussen,U"]
[Black "Kaczmarek,M"]
[Result "0-1"]
[WhiteElo "2148"]
[BlackElo "1993"]

1.e4 c5 2.Nc3 Nc6 3.Nf3 d6 4.Bb5 g6 5.Bxc6+ bxc6 6.O-O Bg7 7.d3 Bg4 8.Be3 e5
9.h3 Bxf3 10.Qxf3 Ne7 11.Qg3 O-O 12.f4 f5 13.fxe5 Bxe5 14.Bf4 Bxf4 15.Qxf4 Qd7
16.Qg5 d5 17.e5 a5 18.Ne2 Rae8 19.Nf4 d4 20.Rae1 Nd5 21.e6 Qe7 22.Qxe7 Rxe7
23.Re5 Rd8 24.c4 dxc3 25.bxc3 Kg7 26.d4 Kf6 27.Nxd5+ cxd5 28.Rb1 cxd4 29.cxd4 Rxe6
30.Rxe6+ Kxe6 31.Rb5 f4 32.Kf2 Rc8 33.Rxa5 h5 34.h4 Kf5 35.Kf3 Rc3+ 36.Kf2 Ke4
37.a4 Rc2+ 38.Kf1 Ra2 39.Ra6 Ke3 40.Re6+ Kxd4 41.Rxg6 Rxa4 42.Rg5 Ke4 43.Rxh5 d4
44.Rh8 Ra1+ 45.Kf2 Ra2+ 46.Kf1 d3 47.Re8+ Kd4 48.Rd8+ Ke3 49.Re8+ Kd2 50.h5 Ra1+
51.Kf2 Rh1 52.Re5 Kc2 53.Rc5+ Kb3 54.g4 d2 55.Ra5 Kc2 56.Rc5+ Kd3 57.Rd5+ Kc3
58.Ke2 Rh2+ 59.Kf3 Rh3+ 60.Ke2 Re3+ 61.Kf2 Rd3  0-1

[Event "Najdorf Mem Open"]
[Site "Warsaw POL"]
[Date "2009.07.23"]
[Round "6"]
[White "Jedryczka,K"]
[Black "Leniart,A"]
[Result "1/2-1/2"]
[WhiteElo "2244"]
[BlackElo "2390"]

1.e4 c5 2.Ne2 Nc6 3.Nbc3 Nf6 4.g3 d6 5.Bg2 e5 6.d3 h5 7.h3 Be7 8.Nd5 Nxd5
9.exd5 Nd4 10.c3 Nxe2 11.Qxe2 h4 12.g4 O-O 13.Be3 Bg5 14.O-O Qf6 15.Qd2 Bf4
16.d4 cxd4 17.cxd4 Bd7 18.dxe5 dxe5 19.Rac1 Qd6 20.Rc3 Bxe3 21.Qxe3 f5 22.gxf5 Rxf5
23.Kh1 b6 24.Rfc1 Raf8 25.R1c2 Rf4 26.Rc4 Bb5 27.Rc7 Rd4 28.Rc1 Qf6 29.Rxa7 Rd3
30.Qe4 Rd4 31.Qe3 Rd3 32.Qe4 Rd4  1/2-1/2

[Event "Najdorf Mem Open"]
[Site "Warsaw POL"]
[Date "2009.07.23"]
[Round "6"]
[White "Zakoscielna,K"]
[Black "Gluszko,M"]
[Result "1-0"]
[WhiteElo "2089"]
[BlackElo "1940"]

1.e4 c5 2.Nc3 Nc6 3.Bb5 g6 4.Bxc6 dxc6 5.d3 Bg7 6.Be3 Qd6 7.Qd2 e5 8.f4 Ne7
9.Nf3 f6 10.O-O-O Be6 11.h3 h5 12.fxe5 fxe5 13.Ng5 Bg8 14.Rdf1 O-O-O 15.Nf7 Bxf7
16.Rxf7 Bf6 17.Rf1 Ng8 18.Na4 c4 19.Bxa7 Be7 20.Nb6+ Kc7 21.Qa5 Qe6 22.R1f6 Nxf6
23.Nd5+ Kd7 24.Qc7+ Ke8 25.Rxe7+  1-0

[Event "Quebec Open"]
[Site "Montreal CAN"]
[Date "2009.07.24"]
[Round "8"]
[White "Thavandiran,S"]
[Black "Zherebukh,Y"]
[Result "1-0"]
[WhiteElo "2291"]
[BlackElo "2541"]

1.e4 c5 2.Nf3 Nc6 3.Nc3 e6 4.Bb5 Nge7 5.O-O Nd4 6.Nxd4 cxd4 7.Ne2 a6 8.Ba4 b5
9.Bb3 Nc6 10.d3 Bc5 11.a3 O-O 12.f4 f5 13.exf5 Rxf5 14.Ng3 Rf8 15.f5 d5 16.Qg4 exf5
17.Qf3 Ne7 18.Bg5 Ra7 19.Nh5 h6 20.Bxe7 Rxe7 21.Nf4 Kh7 22.Qxd5 Qxd5 23.Nxd5 Re2
24.Rae1 Rfe8 25.Rxe2 Rxe2 26.Rf2 Re1+ 27.Rf1 Re5 28.Kf2 Bb7 29.Re1 Rxe1 30.Kxe1 Bd6
31.g3 Kg6 32.Kf2 Kg5 33.c3 dxc3 34.bxc3 Bxa3 35.h4+ Kg4 36.Nf4  1-0

[Event "13th Battle of Senta Open A"]
[Site "Senta SRB"]
[Date "2009.07.24"]
[Round "8"]
[White "Ujhazi,M"]
[Black "Medvegy,J"]
[Result "1-0"]
[WhiteElo "2122"]
[BlackElo "2033"]

1.e4 c5 2.Nc3 Nc6 3.Nf3 d6 4.d4 cxd4 5.Nxd4 Nf6 6.Bg5 e6 7.Qd2 a6 8.O-O-O Be7
9.Bxf6 gxf6 10.f4 Nxd4 11.Qxd4 b5 12.f5 Rb8 13.a3 Qa5 14.Na2 Qc7 15.Be2 a5
16.Nc3 Bd7 17.fxe6 fxe6 18.Bh5+ Kd8 19.Rhf1 b4 20.Nb1 Rg8 21.Rf2 Rg5 22.Bf7 Rc5
23.h4 Rc4 24.Qd3 Rc8 25.g3 Qb7 26.Re1 bxa3 27.Nxa3 Rb4 28.c3 Rb3 29.Rc2 a4
30.Rd1 Bf8 31.Nc4 Qa6 32.Nxd6 Qxd3 33.Rxd3 Bxd6 34.Rxd6 Ke7 35.Rcd2 Rc7 36.Bh5 a3
37.bxa3 Rcxc3+ 38.Kd1 Rb1+ 39.Ke2 Bb5+ 40.Kf2 Rxa3 41.Rd8 Raa1 42.Rh8 Rf1+
43.Kg2 Rg1+ 44.Kh3 Rh1+ 45.Kg4 Rhd1 46.Rxh7+ Kf8 47.Rf7+ Kg8 48.Rxd1 Be2+
49.Kf4 Bxd1 50.g4 f5 51.Rf6 fxe4 52.Rxe6 Bc2 53.Bg6 Rf1+ 54.Kg5 Ra1 55.h5 Ra5+
56.Kf6 Ra8 57.Bxe4 Rf8+ 58.Kg6 Bb3 59.Re7 Kh8 60.g5 Bf7+  1-0

[Event "Najdorf Mem Open"]
[Site "Warsaw POL"]
[Date "2009.07.24"]
[Round "7"]
[White "Stoma,P"]
[Black "Olejarczyk,B"]
[Result "1-0"]
[WhiteElo "2298"]
[BlackElo "2159"]

1.e4 c5 2.Nc3 Nc6 3.Bb5 d6 4.Bxc6+ bxc6 5.d3 g6 6.Nf3 Bg7 7.O-O Rb8 8.h3 Qa5
9.e5 d5 10.Qe1 e6 11.b3 Qc7 12.Ba3 Bf8 13.Na4 c4 14.Bxf8 Kxf8 15.bxc4 Kg7
16.Qc3 Ne7 17.Nc5 Rd8 18.Rfb1 Rb6 19.Rb4 Bd7 20.Rab1 Ra8 21.Qa3 Rxb4 22.Qxb4 Bc8
23.a4 Ng8 24.a5 f6 25.Qc3 f5 26.a6 Rb8 27.Rb7 Rxb7 28.axb7  1-0

[Event "ZMD Open"]
[Site "Dresden GER"]
[Date "2009.07.25"]
[Round "1"]
[White "Schaefer,Er"]
[Black "Lienau,H"]
[Result "1-0"]
[WhiteElo "2164"]
[BlackElo "1753"]

1.e4 c5 2.Nc3 Nc6 3.Nge2 g6 4.d4 cxd4 5.Nxd4 Bg7 6.Nde2 d6 7.g3 Nf6 8.Bg2 O-O
9.O-O Be6 10.h3 Rc8 11.Nf4 Bc4 12.Re1 Ne5 13.a4 b6 14.Nfd5 Nxd5 15.Nxd5 Bxd5
16.exd5 Qc7 17.Re2 Nc4 18.Rb1 Rfe8 19.b3 Ne5 20.c4 Qc5 21.Kh2 a6 22.f4 Nd7
23.Qe1 Bf8 24.Bb2 b5 25.cxb5 axb5 26.b4 Qb6 27.a5 Qb7 28.Rc1 Nb8 29.Rec2 Rxc2
30.Rxc2 Rc8 31.Rxc8 Qxc8 32.Qe2 Qb7 33.Qd3 Bg7 34.Bxg7 Kxg7 35.Bf1 Na6 36.Qd4+ Kg8
37.g4 Nc7 38.Bg2 Ne8 39.g5 Nc7 40.h4 Na6 41.f5 Qd7 42.Bh3 gxf5 43.h5 e5 44.Qb6 Nxb4
45.a6 f6 46.Qb8+ Kf7 47.Qh8  1-0